Name All Premier League Players Quiz (22-23) - Statistics

General Stats
  • This quiz has been taken 73 times
  • The average score is 37 of 500
Answer Stats
Answer Hint % Correct
Aaron Ramsdale Arsenal
81%
Bukayo Saka Arsenal
71%
Gabriel Arsenal
67%
Ben White Arsenal
50%
Gabriel Jesus Arsenal
50%
William Saliba Arsenal
48%
Martin Odegaard Arsenal
40%
Erling Haaland Manchester City
35%
Gabriel Martinelli Arsenal
35%
Emiliano Martinez Aston Villa
31%
Ruben Dias Manchester City
31%
Thomas Partey Arsenal
31%
Alisson Liverpool
29%
Marcus Rashford Manchester United
29%
Mohamed Salah Liverpool
29%
Virgil Van Dijk Liverpool
29%
Declan Rice West Ham
27%
Ederson Manchester City
27%
Kai Havertz Chelsea
27%
Luis Diaz Liverpool
27%
Bernardo Silva Manchester City
25%
Jordan Henderson Liverpool
25%
Kevin De Bruyne Manchester City
25%
Ollie Watkins Aston Villa
25%
Thiago Liverpool
25%
Thiago Silva Chelsea
25%
Trent Alexander-Arnold Liverpool
25%
Dean Henderson Nottingham Forest
23%
Granit Xhaka Arsenal
23%
Harry Kane Tottenham Hotspur
23%
Jack Grealish Manchester City
23%
Oleksandr Zinchenko Arsenal
23%
Reece James Chelsea
23%
Andrew Robertson Liverpool
21%
Bruno Fernandes Manchester United
21%
Fabinho Liverpool
21%
Jamal Lewis Newcastle United
21%
James Maddison Leicester
21%
Jordan Pickford Everton
21%
Kieran Trippier Newcastle United
21%
Nick Pope Newcastle United
21%
Ben Chilwell Chelsea
19%
David De Gea Manchester United
19%
Hugo Lloris Tottenham Hotspur
19%
Ivan Toney Brentford
19%
Kieran Tierney Arsenal
19%
Richarlison Tottenham Hotspur
19%
Roberto Firmino Liverpool
19%
Tyrone Mings Aston Villa
19%
Darwin Nunez Liverpool
17%
David Raya Brentford
17%
Fabio Vieira Arsenal
17%
Ilkay Gundogan Manchester City
17%
James Milner Liverpool
17%
Jamie Vardy Leicester
17%
John Stones Manchester City
17%
Kyle Walker Manchester City
17%
Luke Shaw Manchester United
17%
Phil Foden Manchester City
17%
Riyad Mahrez Manchester City
17%
Rodri Manchester City
17%
Adam Smith Bournemouth
15%
Alexis Mac-Allister Brighton
15%
Alphonse Areola West Ham
15%
Callum Wilson Newcastle United
15%
Casemiro Manchester United
15%
Conor Coady Everton
15%
Conor Gallagher Chelsea
15%
Diogo Jota Liverpool
15%
Edouard Mendy Chelsea
15%
Heung-Min Son Tottenham Hotspur
15%
Jadon Sancho Manchester United
15%
Julian Alvarez Manchester City
15%
Kepa Chelsea
15%
Leandro Trossard Arsenal
15%
Moises Caicedo Brighton
15%
Nathan Ake Manchester City
15%
N'Golo Kante Chelsea
15%
Raphael Varane Manchester United
15%
Reiss Nelson Arsenal
15%
Robert Sanchez Brighton
15%
Rob Holding Arsenal
15%
Takehiro Tomiyasu Arsenal
15%
Wesley Fofana Chelsea
15%
Willian Fulham
15%
Antony Manchester United
13%
Bruno Guimaraes Newcastle United
13%
Bryan Mbuemo Brentford
13%
Cristian Romero Tottenham Hotspur
13%
Danny Ings West Ham
13%
Diego Carlos Aston Villa
13%
Dominic Solanke Bournemouth
13%
Douglas Luiz Aston Villa
13%
Eddie Nketiah Arsenal
13%
Eric Dier Tottenham Hotspur
13%
Harry Maguire Manchester United
13%
Joelinton Newcastle United
13%
Joel Matip Liverpool
13%
Kalvin Phillips Manchester City
13%
Kaoru Mitoma Brighton
13%
Lewis Dunk Brighton
13%
Lucas Digne Aston Villa
13%
Mason Mount Chelsea
13%
Neto Bournemouth
13%
Pedro Porro Tottenham Hotspur
13%
Pierre-Emerick Aubameyang Chelsea
13%
Pierre-Emile Hojbjerg Tottenham Hotspur
13%
Raheem Sterling Chelsea
13%
Ruben Neves Wolves
13%
Sam Johnstone Crystal Palace
13%
Solly March Brighton
13%
Alexander Isak Newcastle United
10%
Ben Mee Brentford
10%
Cesar Azpilicueta Chelsea
10%
Christian Eriksen Manchester United
10%
Danny Welbeck Brighton
10%
Dejan Kulusevski Tottenham Hotspur
10%
Fred Manchester United
10%
Jakub Kiwior Arsenal
10%
Jose Sa Wolves
10%
Kalidou Koulibaly Chelsea
10%
Marc Cucurella Chelsea
10%
Michail Antonio West Ham
10%
Miguel Almiron Newcastle United
10%
Morgan Gibbs-White Nottingham Forest
10%
Patson Daka Leicester
10%
Philippe Coutinho Aston Villa
10%
Rodrigo Leeds
10%
Wout Weghorst Manchester United
10%
Adama Traore Wolves
8%
Albert Sambi Lokonga Crystal Palace
8%
Anthony Gordon Newcastle United
8%
Armando Broja Chelsea
8%
Ashley Young Aston Villa
8%
Benoit Badiashile Chelsea
8%
Bernd Leno Fulham
8%
Calum Chambers Aston Villa
8%
Cedric Soares Fulham
8%
Che Adams Southampton
8%
Cody Gakpo Liverpool
8%
Dan Burn Newcastle United
8%
Diogo Dalot Manchester United
8%
Dominic Calvert-Lewin Everton
8%
Emerson West Ham
8%
Emile Smith-Rowe Arsenal
8%
Emiliano Buendia Aston Villa
8%
Evan Ferguson Brighton
8%
Ezri Konsa Aston Villa
8%
Fabian Schar Newcastle United
8%
Hakim Ziyech Chelsea
8%
Hwang Hee-Chan Wolves
8%
Ivan Perisic Tottenham Hotspur
8%
Jacob Ramsey Aston Villa
8%
James Tarkowski Everton
8%
Jan Bednarek Southampton
8%
Jarrod Bowen West Ham
8%
Jason Steele Brighton
8%
Joe Gomez Liverpool
8%
Julio Enciso Brighton
8%
Kurt Zouma West Ham
8%
Lukasz Fabianski West Ham
8%
Matty Cash Aston Villa
8%
Michael Olise Crystal Palace
8%
Mohamed Elneny Arsenal
8%
Nayef Aguerd West Ham
8%
Oliver Skipp Tottenham Hotspur
8%
Patrick Bamford Leeds
8%
Pedro Neto Wolves
8%
Pervis Estupinan Brighton
8%
Rico Henry Brentford
8%
Rico Lewis Manchester City
8%
Robin Olsen Aston Villa
8%
Rodrigo Bentancur Tottenham Hotspur
8%
Scott McTominay Manchester United
8%
Sven Botman Newcastle United
8%
Tyrick Mitchell Crystal Palace
8%
Wilfried Zaha Crystal Palace
8%
Youri Tielemans Leicester
8%
Yves Bissouma Tottenham Hotspur
8%
Aaron Cresswell West Ham
6%
Aaron Wan-Bissaka Manchester United
6%
Adam Armstrong Southampton
6%
Adam Lallana Brighton
6%
Adam Webster Brighton
6%
Alex Moreno Aston Villa
6%
Alex Oxlade-Chamberlain Liverpool
6%
Allan Saint-Maximin Newcastle United
6%
Anthony Martial Manchester United
6%
Antonee Robinson Fulham
6%
Aymeric Laporte Manchester City
6%
Ben Johnson West Ham
6%
Brennan Johnson Nottingham Forest
6%
Clement Lenglet Tottenham Hotspur
6%
Danilo Nottingham Forest
6%
Diego Costa Wolves
6%
Eberechi Eze Crystal Palace
6%
Enzo Fernandez Chelsea
6%
Fraser Forster Tottenham Hotspur
6%
Gustavo Scarpa Nottingham Forest
6%
Harvey Barnes Leicester
6%
Harvey Elliott Liverpool
6%
Jamaal Lascelles Newcastle United
6%
James Ward-Prowse Southampton
6%
Jefferson Lerma Bournemouth
6%
Joao Moutinho Wolves
6%
Joel Veltman Brighton
6%
Joe Worrall Nottingham Forest
6%
John McGinn Aston Villa
6%
Kelechi Iheanacho Leicester
6%
Keylor Navas Nottingham Forest
6%
Lewis Hall Chelsea
6%
Lisandro Martinez Manchester United
6%
Lucas Moura Tottenham Hotspur
6%
Manuel Akanji Manchester City
6%
Mateo Kovacic Chelsea
6%
Mathias Jensen Brentford
6%
Matt Targett Newcastle United
6%
Mikkel Damsgaard Brentford
6%
Naby Keita Liverpool
6%
Neal Maupay Everton
6%
Noni Madueke Chelsea
6%
Odsonne Edouard Crystal Palace
6%
Raul Jimenez Wolves
6%
Ruben Loftus-Cheek Chelsea
6%
Ryan Sessegnon Tottenham Hotspur
6%
Said Benrahma West Ham
6%
Seamus Coleman Everton
6%
Stefan Bajcetic Liverpool
6%
Taiwo Awoniyi Nottingham Forest
6%
Tyler Adams Leeds
6%
Tyrell Malacia Manchester United
6%
Victor Lindelof Manchester United
6%
Vitaly Janelt Brentford
6%
Vladimir Coufal West Ham
6%
Wilfried Ndidi Leicester
6%
Yoane Wissa Brentford
6%
Alejandro Garnacho Manchester United
4%
Alex Iwobi Everton
4%
Andreas Pereira Fulham
4%
Angelo Ogbonna West Ham
4%
Anthony Elanga Manchester United
4%
Arnaut Danjuma Tottenham Hotspur
4%
Ben Davies Tottenham Hotspur
4%
Billy Gilmour Brighton
4%
Bobby De Cordova-Reid Fulham
4%
Caoimhin Kelleher Liverpool
4%
Carlos Vinicius Fulham
4%
Carney Chukwuemeka Chelsea
4%
Christian Norgaard Brentford
4%
Christian Pulisic Chelsea
4%
Chris Wood Nottingham Forest
4%
Cole Palmer Manchester City
4%
Craig Dawson Wolves
4%
Danny Ward Leicester
4%
Davinson Sanchez Tottenham Hotspur
4%
Demarai Gray Everton
4%
Ethan Nwaneri Arsenal
4%
Ethan Pinnock Brentford
4%
Felipe Nottingham Forest
4%
Frank Onyeka Brentford
4%
Harrison Reed Fulham
4%
Harry Souttar Leicester
4%
Hugo Bueno Wolves
4%
Jack Harrison Leeds
4%
Jacob Murphy Newcastle United
4%
Jan Paul van Hecke Brighton
4%
Jesse Lingard Nottingham Forest
4%
Joachim Andersen Crystal Palace
4%
Joao Palhinha Fulham
4%
Joe Willock Newcastle United
4%
Jonny Evans Leicester
4%
Jordan Ayew Crystal Palace
4%
Josh Dasilva Brentford
4%
Keane Lewis-Potter Brentford
4%
Kevin Schade Brentford
4%
Kristoffer Ajer Brentford
4%
Luke Ayling Leeds
4%
Manuel Lanzini West Ham
4%
Marcel Sabitzer Manchester United
4%
Mason Holgate Everton
4%
Matheus Nunes Wolves
4%
Michael Keane Everton
4%
Mykhailo Mudryk Chelsea
4%
Nathaniel Clyne Crystal Palace
4%
Nathaniel Phillips Liverpool
4%
Neco Williams Nottingham Forest
4%
Pablo Fornals West Ham
4%
Philip Billing Bournemouth
4%
Pontus Jansson Brentford
4%
Renan Lodi Nottingham Forest
4%
Serge Aurier Nottingham Forest
4%
Shandon Baptiste Brentford
4%
Stefan Ortega Manchester City
4%
Theo Walcott Southampton
4%
Thilo Kehrer West Ham
4%
Tim Ream Fulham
4%
Tomas Soucek West Ham
4%
Weston McKennie Leeds
4%
Willy Boly Nottingham Forest
4%
Wout Faes Leicester
4%
Yerry Mina Everton
4%
Zanka Brentford
4%
Aaron Hickey Brentford
2%
Abdoulaye Doucoure Everton
2%
Amadou Onana Everton
2%
Ben Doak Liverpool
2%
Ben Godfrey Everton
2%
Bobby Clark Liverpool
2%
Brenden Aaronson Leeds
2%
Caglar Soyuncu Leicester
2%
Cheick Doucoure Crystal Palace
2%
Daniel Amartey Leicester
2%
Daniel Iversen Leicester
2%
Daniel Podence Wolves
2%
Deniz Undav Brighton
2%
Dennis Zakaria Chelsea
2%
Donny Van De Beek Manchester United
2%
Dwight McNeil Everton
2%
Ellis Simms Everton
2%
Emil Krafth Newcastle United
2%
Emmanuel Dennis Nottingham Forest
2%
Fabio Carvalho Liverpool
2%
Facundo Bounanotte Brighton
2%
Flynn Downes West Ham
2%
George Abbott Tottenham Hotspur
2%
Gianluca Scamacca West Ham
2%
Harry Toffolo Nottingham Forest
2%
Illia Zabarnyi Bournemouth
2%
Issa Diop Fulham
2%
Jaidon Anthony Bournemouth
2%
James Justin Leicester
2%
Japhet Tanganga Tottenham Hotspur
2%
Jean-Philippe Mateta Crystal Palace
2%
Jeffrey Schlupp Crystal Palace
2%
Joao Gomes Wolves
2%
Joel Ward Crystal Palace
2%
Jonjo Shelvey Nottingham Forest
2%
Kamaldeen Sulemana Southampton
2%
Kenny Tete Fulham
2%
Kieffer Moore Bournemouth
2%
Kiernan Dewsbury-Hall Leicester
2%
Kobbie Mainoo Manchester United
2%
Konstantinos Tsimikas Liverpool
2%
Leander Dendoncker Aston Villa
2%
Levi Colwill Brighton
2%
Lloyd Kelly Bournemouth
2%
Lucas Paqueta West Ham
2%
Luke Thomas Leicester
2%
Lyanco Southampton
2%
Marc Guehi Crystal Palace
2%
Marcos Senesi Bournemouth
2%
Marcus Tavernier Bournemouth
2%
Marek Rodak Fulham
2%
Mario Lemina Wolves
2%
Mark Travers Bournemouth
2%
Martin Dubravka Newcastle United
2%
Matheus Cunha Wolves
2%
Matias Vina Bournemouth
2%
Maximilian Kilman Wolves
2%
Nathaniel Collins Wolves
2%
Nathan Patterson Everton
2%
Neeskens Kebano Fulham
2%
Nelson Semedo Wolves
2%
Pablo Sarabia Wolves
2%
Pape Sarr Tottenham Hotspur
2%
Pascal Struijk Leeds
2%
Paul Onuachu Southampton
2%
Rasmus Kristensen Leeds
2%
Rayan Ait-Nouri Wolves
2%
Remo Freuler Nottingham Forest
2%
Ricardo Pereira Leicester
2%
Romeo Lavia Southampton
2%
Ryan Fraser Newcastle United
2%
Ryan Fredericks Bournemouth
2%
Ryan Yates Nottingham Forest
2%
Sam Greenwood Leeds
2%
Sasa Lukic Fulham
2%
Scott Mckenna Nottingham Forest
2%
Sean Longstaff Newcastle United
2%
Sekou Mara Southampton
2%
Sergio Gomez Manchester City
2%
Stuart Armstrong Southampton
2%
Tariq Lamptey Brighton
2%
Timothy Castagne Leicester
2%
Tino Livramento Southampton
2%
Tom Davies Everton
2%
Toti Wolves
2%
Trevor Chalobah Chelsea
2%
Vincente Guaita Crystal Palace
2%
Wayne Hennessey Nottingham Forest
2%
Yasin Ayari Brighton
2%
Adam Forshaw Leeds
0%
Ainsley Maitland-Niles Southampton
0%
Alex McCarthy Southampton
0%
Alex Mighten Nottingham Forest
0%
Andre Ayew Nottingham Forest
0%
Antoine Semenyo Bournemouth
0%
Armel Bella-Kotchap Southampton
0%
Asmir Begovic Everton
0%
Bertrand Traore Aston Villa
0%
Boubacar Traore Wolves
0%
Boubakary Soumare Leicester
0%
Boubcar Kamara Aston Villa
0%
Carlos Alcarez Southampton
0%
Cheikhou Kouyate Nottingham Forest
0%
Chris Mepham Bournemouth
0%
Chris Richards Crystal Palace
0%
Crysencio Sommerville Leeds
0%
Curtin Jones Liverpool
0%
Dango Ouattara Bournemouth
0%
Daniel Bentley Wolves
0%
Dan James Fulham | Leeds
0%
David Brooks Bournemouth
0%
David Fofana Chelsea
0%
David Ozoh Crystal Palace
0%
Dennis Praet Leicester
0%
Divin Mubama West Ham
0%
Dominic Ballard Southampton
0%
Duje Caleta-Car Southampton
0%
Elliot Anderson Newcastle United
0%
Emeron Royal Tottenham Hotspur
0%
Facundo Pellestri Manchester United
0%
Gavin Bazunu Southampton
0%
Georginio Rutter Leeds
0%
Giulian Biancone Nottingham Forest
0%
Hamed Traore Bournemouth
0%
Harry Wilson Fulham
0%
Ibrahim Diallo Southampton
0%
Ibrahmia Konate Liverpool
0%
Idrissa Gueye Everton
0%
Illan Meslier Leeds
0%
Isaac Price Everton
0%
Jack Colback Nottingham Forest
0%
Jack Stacey Bournemouth
0%
Jack Stephens Bournemouth
0%
Jairo Riedewald Crystal Palace
0%
James Bree Southampton
0%
James Garner Everton
0%
James McArthur Crystal Palace
0%
James Tomkins Crystal Palace
0%
Javier Manquillo Newcastle United
0%
Jeremy Sarmiento Brighton
0%
Joao Felix Chelsea
0%
Joe Aribo Southampton
0%
Joel Robles Leeds
0%
Joe Rothwell Bournemouth
0%
Joe Whitworth Crystal Palace
0%
Jordan Zemura Bournemouth
0%
Joseph Hodge Wolves
0%
Juan Larios Southampton
0%
Junior Firpo Leeds
0%
Junior Stanislas Bournemouth
0%
Kamari Doyle Southampton
0%
Kyle Walker-Peters Southampton
0%
Layvin Kurzawa Fulham
0%
Lewis Brunt Leicester
0%
Lewis Miley Newcastle United
0%
Liam Cooper Leeds
0%
Luis Sinisterra Leeds
0%
Luka Milivojevic Crystal Palace
0%
Luke Harris Fulham
0%
Lyle Taylor Nottingham Forest
0%
Mads Roerslev Brentford
0%
Manor Soloman Fulham
0%
Marc Roca Leeds
0%
Mateo Fernandez Leeds
0%
Matthew Craig Tottenham Hotspur
0%
Matt Ritchie Newcastle United
0%
Maximilian Wober Leeds
0%
Maximo Perrone Manchester City
0%
Maxwel Cornet West Ham
0%
Mislav Orsic Southampton
0%
Mohamed Elyounoussi Southampton
0%
Mohammed Salisu Southampton
0%
Moussa Djenepo Southampton
0%
Moussa Niakhate Nottingham Forest
0%
Nampalys Mendy Leicester
0%
Omari Hutchinson Chelsea
0%
Orel Mangala Nottingham Forest
0%
Pascal Grob Brighton
0%
Robin Koch Leeds
0%
Romain Perraud Southampton
0%
Ruben Vinagre Everton
0%
Ryan Christie Bournemouth
0%
Sama Ghoddos Brentford
0%
Sam Surridge Nottingham Forest
0%
Samuel Amo-Ameyaw Southampton
0%
Samuel Edozie Southampton
0%
Shane Duffy Fulham
0%
Shea Charles Manchester City
0%
Steve Cook Nottingham Forest
0%
Tete Leicester
0%
Tom Cairney Fulham
0%
Tosin Abarabioyo Fulham
0%
Victor Kristiansen Leicester
0%
Vitalii Mykolenko Everton
0%
Wilfried Gnonto Leeds
0%
Will Hughes Crystal Palace
0%
No matching quizzes found
Score Distribution
Percent of People with Each Score
Percentile by Number Answered
Your Score History
You have not taken this quiz